000 00528nam a2200181Ia 4500
003 GCL
008 140319s9999 xx 000 0 ara d
040 _aGCL /
_cGCL
082 0 4 _a818,13
_bا م
100 1 _aامين نخلة
245 1 0 _aالمفكرة الريفية ( لفؤاد افندى ) /
_cامين نخلة
260 _a[S.N] :
_bدار الكتاب اللبنانى ،
_c1900
300 _a186ص
490 _a
650 0 4 _aالادب العربى
650 0 4 _aالقصص العربية
942 _2ddc
_cBK
999 _c58441
_d58441